[Event "March Lviv Tradition IM"]
[Site "Lviv UKR"]
[Date "2018.03.22"]
[Round "1.1"]
[White "Zubova, Mariya"]
[Black "Shankovsky, Andriy"]
[Result "0-1"]
[WhiteTitle "WFM"]
[BlackTitle "FM"]
[WhiteElo "2129"]
[BlackElo "2315"]
[WhiteFideId "14118874"]
[BlackFideId "14121565"]
[EventDate "2018.03.22"]
[EventType "tourn"]

1. e4 d5 2. exd5 Qxd5 3. Nc3 Qa5 4. d4 Nf6 5. Bc4 c6 6. Nf3 Bg4 7. h3 Bh5 8. g4
Bg6 9. Ne5 Nbd7 10. Nxg6 hxg6 11. Qe2 Nb6 12. Bb3 e6 13. Bd2 Bb4 14. O-O-O Nbd5
15. Na4 Bxd2+ 16. Rxd2 b6 17. c4 Ne7 18. Nc3 Rd8 19. f4 Qb4 20. Qf3 Kf8 21. Rhd1
b5 22. cxb5 cxb5 23. d5 Nfxd5 24. f5 Kg8 25. fxe6 fxe6 26. Nxd5 exd5 27. Bxd5+
Nxd5 28. Rxd5 Rxd5 29. Qxd5+ Kh7 30. Kb1 Rc8 31. Qe6 Rf8 32. a3 Qa4 33. Qe1 Qb3
34. Qh4+ Kg8 35. Rd8 Qf7 36. Rxf8+ Qxf8 37. Qg5 Qf1+ 38. Ka2 Qc4+ 39. Kb1 Qd3+
40. Ka2 Qc4+ 41. Kb1 Kf7 42. h4 a6 43. h5 Qe4+ 44. Ka2 gxh5 45. gxh5 Qe6+ 46.
Ka1 Qf6 47. Qd5+ Ke7 48. Qb7+ Ke8 49. Qc8+ Kf7 50. Qd7+ Kg8 51. Qd3 Qg5 52. Qe2
Kh7 53. Qe8 Qf6 54. Ka2 Kh6 55. b3 Qf2+ 56. Ka1 Qf6+ 57. Ka2 Kg5 58. a4 b4 59.
Qe2 a5 60. Qb5+ Qf5 61. Qe2 Kh6 62. Qe8 Qc2+ 63. Ka1 Qc1+ 64. Ka2 Qa3+ 0-1

[Event "March Lviv Tradition IM"]
[Site "Lviv UKR"]
[Date "2018.03.22"]
[Round "1.2"]
[White "Lagashin, Pavel"]
[Black "Skliarov, Viktor"]
[Result "0-1"]
[BlackTitle "IM"]
[WhiteElo "2066"]
[BlackElo "2353"]
[WhiteFideId "24132144"]
[BlackFideId "14106736"]
[EventDate "2018.03.22"]
[EventType "tourn"]

1. d4 Nf6 2. Nf3 e6 3. Bf4 c5 4. c3 Qb6 5. Qc2 Nc6 6. e3 Nh5 7. Bg3 Nxg3 8. hxg3
h6 9. g4 d5 10. g5 Bd7 11. gxh6 gxh6 12. Nbd2 O-O-O 13. Nb3 Kb8 14. Nxc5 Bxc5
15. dxc5 Qxc5 16. O-O-O e5 17. Rh4 Be6 18. b4 Qd6 19. b5 Na5 20. Ra4 b6 21. e4
d4 22. Kb1 d3 23. Rxd3 Qc5 24. Rxd8+ Rxd8 25. Rb4 Bg4 26. a4 Bxf3 27. gxf3 h5
28. Ka2 h4 29. Rb1 h3 30. Bxh3 Nc4 31. Qb3 Qxf2+ 32. Ka1 Nd2 33. Qxf7 Nxb1 34.
Qe7 Qd2 35. Qxe5+ Ka8 36. Kxb1 Qd1+ 37. Kb2 Rd2+ 38. Ka3 Qa1+ 39. Kb4 Qb2+ 0-1

[Event "March Lviv Tradition IM"]
[Site "Lviv UKR"]
[Date "2018.03.22"]
[Round "1.3"]
[White "Anwesh, Upadhyaya"]
[Black "Prydun, Andriy"]
[Result "1-0"]
[WhiteTitle "IM"]
[WhiteElo "2367"]
[BlackElo "2224"]
[WhiteFideId "5028949"]
[BlackFideId "14145898"]
[EventDate "2018.03.22"]
[EventType "tourn"]

1. Nf3 g6 2. e4 c5 3. c3 d5 4. exd5 Qxd5 5. d4 Bg4 6. Be2 Bg7 7. Be3 cxd4 8.
cxd4 Nf6 9. Nc3 Qd6 10. Qb3 Nc6 11. Ne5 1-0

[Event "March Lviv Tradition IM"]
[Site "Lviv UKR"]
[Date "2018.03.22"]
[Round "1.4"]
[White "Bondarets, Vadim"]
[Black "Pietruszewski, Marcin"]
[Result "0-1"]
[WhiteTitle "IM"]
[WhiteElo "2257"]
[BlackElo "2273"]
[WhiteFideId "903540"]
[BlackFideId "1170295"]
[EventDate "2018.03.22"]
[EventType "tourn"]

1. Nf3 c5 2. c4 Nf6 3. Nc3 b6 4. e4 d6 5. d4 cxd4 6. Nxd4 Bb7 7. f3 e6 8. Be2 a6
9. O-O Qc7 10. Be3 Be7 11. Rc1 O-O 12. Qe1 Nbd7 13. Qf2 Rac8 14. b3 Rfe8 15. Bd3
Qb8 16. g4 Bf8 17. g5 Nh5 18. Nde2 g6 19. a4 Nc5 20. Bc2 a5 21. Rcd1 Rcd8 22.
Rd2 d5 23. exd5 exd5 24. f4 dxc4 25. bxc4 Rxd2 26. Bxd2 Ba8 27. f5 Qb7 28. Nd5
Ne4 29. Qe1 Bc5+ 30. Kg2 Qd7 31. Bb3 Nxd2 32. Qxd2 Be3 33. Qd3 Bxg5 34. Bc2 Re3
35. Qd1 Qe8 36. Ng3 Nf4+ 37. Rxf4 Bxf4 38. Kh3 Bxd5 39. cxd5 Qe5 40. Qg4 h5 41.
Qh4 Bxg3 42. hxg3 Qxd5 0-1

[Event "March Lviv Tradition IM"]
[Site "Lviv UKR"]
[Date "2018.03.22"]
[Round "1.5"]
[White "Krzywda, Andrzej"]
[Black "Shymanskyi, Oleksandr"]
[Result "1/2-1/2"]
[BlackTitle "FM"]
[WhiteElo "2174"]
[BlackElo "2314"]
[WhiteFideId "1114565"]
[BlackFideId "14168880"]
[EventDate "2018.03.22"]
[EventType "tourn"]

1. e4 d5 2. exd5 Nf6 3. d4 Nxd5 4. c4 Nb6 5. Nf3 g6 6. Nc3 Bg7 7. c5 Nd5 8. Bc4
c6 9. O-O O-O 10. Re1 Be6 11. Qb3 b6 12. Ng5 b5 13. Bxd5 Bxd5 14. Nxd5 Qxd5 15.
Rxe7 Bxd4 16. Be3 Bxe3 17. Qxe3 Nd7 18. Nxh7 Kxh7 19. Qh3+ Kg8 20. Qxd7 Qxc5 21.
Rae1 a5 22. Qc7 a4 23. h4 Rac8 24. Qf4 Rcd8 25. R7e5 Qd4 26. Qf6 Rd6 27. Qe7 Rd7
28. Qf6 Rd6 29. Qe7 Rd7 30. Qf6 Rd6 1/2-1/2

[Event "March Lviv Tradition IM"]
[Site "Lviv UKR"]
[Date "2018.03.23"]
[Round "2.1"]
[White "Shankovsky, Andriy"]
[Black "Shymanskyi, Oleksandr"]
[Result "1-0"]
[WhiteTitle "FM"]
[BlackTitle "FM"]
[WhiteElo "2315"]
[BlackElo "2314"]
[WhiteFideId "14121565"]
[BlackFideId "14168880"]
[EventDate "2018.03.22"]
[EventType "tourn"]

1. e4 Nf6 2. Nc3 d5 3. exd5 Nxd5 4. Qf3 c6 5. Bc4 Nf6 6. Nge2 Bg4 7. Qg3 e6 8.
h3 Bd6 9. f4 Bxe2 10. Bxe2 O-O 11. O-O Na6 12. a3 Re8 13. Qf3 e5 14. d3 exf4 15.
Kh1 Nc5 16. Bxf4 Bxf4 17. Qxf4 Ne6 18. Qf2 Nd4 19. Bf3 Qd7 20. Ne4 Nxe4 21. Bxe4
Re5 22. c3 Nb3 23. Rae1 Rae8 24. Qc2 Nc5 25. Bxh7+ Kxh7 26. Rxe5 Rxe5 27. d4+
Re4 28. dxc5 f5 29. Qf2 Re5 30. Re1 Qe7 31. Rxe5 Qxe5 32. Qd4 Qg3 33. a4 Kg8 34.
Kg1 Qg5 35. b4 a6 36. Qe5 Kh7 37. Kf2 Qd2+ 38. Kg3 Qg5+ 39. Kf3 Qh5+ 40. Kf4 g6
41. Qe7+ Kh6 42. Ke5 Qe2+ 43. Kf6 Qxe7+ 44. Kxe7 f4 45. Kd6 Kh5 46. Kc7 Kh4 47.
Kxb7 Kg3 48. Kxc6 Kxg2 49. Kb7 f3 50. c6 f2 51. c7 f1=Q 52. c8=Q g5 53. Qg4+ Kh2
54. Qxg5 Qf3+ 55. Kxa6 Qxc3 56. Qc5 Qb3 57. a5 Kxh3 58. b5 Qd3 59. Qc6 Kh4 60.
Ka7 Qe3+ 61. b6 Qa3 62. a6 Qe7+ 63. b7 1-0

[Event "March Lviv Tradition IM"]
[Site "Lviv UKR"]
[Date "2018.03.23"]
[Round "2.2"]
[White "Pietruszewski, Marcin"]
[Black "Krzywda, Andrzej"]
[Result "1/2-1/2"]
[WhiteElo "2273"]
[BlackElo "2174"]
[WhiteFideId "1170295"]
[BlackFideId "1114565"]
[EventDate "2018.03.22"]
[EventType "tourn"]

1. e4 c5 2. Nf3 e6 3. d4 cxd4 4. Nxd4 Nf6 5. Nc3 d6 6. Be2 a6 7. f4 Be7 8. O-O
Nc6 9. Be3 O-O 10. Qe1 Nxd4 11. Bxd4 b5 12. a3 Bb7 13. Qg3 g6 14. Bd3 a5 15.
Bxb5 Nxe4 16. Nxe4 Bxe4 17. c4 Qc7 18. Rae1 f5 19. b3 Rab8 20. Rc1 Rfc8 21. a4
Qb7 22. Rfd1 Rf8 23. Rd2 Rbd8 24. Kh1 Rf7 25. Ba1 Qb6 26. Bd4 Qb7 27. Ba1 Qb6
28. Bd4 Qb7 29. Ba1 Qb6 30. Bd4 Qb7 1/2-1/2

[Event "March Lviv Tradition IM"]
[Site "Lviv UKR"]
[Date "2018.03.23"]
[Round "2.3"]
[White "Prydun, Andriy"]
[Black "Bondarets, Vadim"]
[Result "0-1"]
[BlackTitle "IM"]
[WhiteElo "2224"]
[BlackElo "2257"]
[WhiteFideId "14145898"]
[BlackFideId "903540"]
[EventDate "2018.03.22"]
[EventType "tourn"]

1. d4 Nf6 2. c4 d6 3. Nf3 Nbd7 4. g3 e5 5. Bg2 Be7 6. O-O O-O 7. Nc3 c6 8. Qc2
Re8 9. Rd1 Bf8 10. e4 b6 11. Be3 Bb7 12. c5 exd4 13. Nxd4 Nxc5 14. b4 Ne6 15. e5
Nxd4 16. Bxd4 dxe5 17. Bxe5 Nd5 18. Qf5 Qc8 19. Qh5 Qe6 20. Re1 Nxb4 21. Re4 Qg6
22. Qh4 Be7 23. Qh3 Bc8 24. g4 f5 25. Re2 fxg4 26. Qg3 Bf5 27. Rd1 Bf8 28. Qf4
Rad8 29. Rxd8 Rxd8 30. a3 Nd5 31. Nxd5 cxd5 32. Qd4 Qc6 33. Rd2 Be6 34. Be4 Qc1+
35. Kg2 Qxa3 36. Bf6 gxf6 37. Qxf6 Qe7 0-1

[Event "March Lviv Tradition IM"]
[Site "Lviv UKR"]
[Date "2018.03.23"]
[Round "2.4"]
[White "Skliarov, Viktor"]
[Black "Anwesh, Upadhyaya"]
[Result "1/2-1/2"]
[WhiteTitle "IM"]
[BlackTitle "IM"]
[WhiteElo "2353"]
[BlackElo "2367"]
[WhiteFideId "14106736"]
[BlackFideId "5028949"]
[EventDate "2018.03.22"]
[EventType "tourn"]

1. e4 e5 2. Nf3 Nf6 3. Nxe5 d6 4. Nf3 Nxe4 5. Qe2 Qe7 6. d3 Nf6 7. Bg5 Qxe2+ 8.
Bxe2 Be7 9. O-O Nc6 10. Nc3 Bf5 11. Nb5 O-O-O 12. Nbd4 Nxd4 13. Nxd4 Bd7 14. Bf3
Rde8 15. Rfe1 h6 16. Bd2 Bd8 17. Bc3 Rxe1+ 18. Rxe1 c6 19. h3 Re8 20. Rxe8 Nxe8
21. Ne2 Bf6 22. Kf1 Be6 23. a3 Kd7 24. Bxf6 Nxf6 25. Nd4 d5 26. Ke2 Kd6 27. Ke3
Bd7 28. c3 c5 29. Ne2 b6 30. d4 Be6 31. Nf4 1/2-1/2

[Event "March Lviv Tradition IM"]
[Site "Lviv UKR"]
[Date "2018.03.23"]
[Round "2.5"]
[White "Zubova, Mariya"]
[Black "Lagashin, Pavel"]
[Result "0-1"]
[WhiteTitle "WFM"]
[WhiteElo "2129"]
[BlackElo "2066"]
[WhiteFideId "14118874"]
[BlackFideId "24132144"]
[EventDate "2018.03.22"]
[EventType "tourn"]

1. e4 Nc6 2. d4 d5 3. e5 Bf5 4. c3 e6 5. Bd3 Bxd3 6. Qxd3 f6 7. f4 fxe5 8. fxe5
Qh4+ 9. Qg3 Qxg3+ 10. hxg3 Nd8 11. Be3 Nf7 12. Nf3 Ngh6 13. Ng5 Nxg5 14. Bxg5
Nf7 15. Be3 c5 16. Ke2 Be7 17. Nd2 O-O 18. Nf3 c4 19. Rh3 b5 20. g4 h6 21. a3 a5
22. Bd2 b4 23. axb4 axb4 24. Rxa8 Rxa8 25. cxb4 Rb8 26. Kd1 Bxb4 27. Bxb4 Rxb4
28. Kc2 Ra4 29. Nd2 Kf8 30. Nb1 Ng5 31. Rh1 Ne4 32. Rf1+ Kg8 33. Rf3 c3 34. Nxc3
Rxd4 35. Rd3 Rc4 36. b3 Rc8 37. Kb2 Nc5 38. Rd4 Nd7 39. b4 Nxe5 40. b5 Rc4 41.
Rxc4 Nxc4+ 42. Kb3 Kf7 43. Kb4 Ke7 44. Kc5 Kd7 45. b6 Nd6 46. Ne2 Nb7+ 47. Kb5
e5 48. Nc3 Kd6 49. Na2 e4 50. Ka6 Nc5+ 51. Ka7 d4 52. Nc1 d3 53. Nb3 Nd7 54. Nd2
Ke5 0-1

[Event "March Lviv Tradition IM"]
[Site "Lviv UKR"]
[Date "2018.03.23"]
[Round "3.1"]
[White "Lagashin, Pavel"]
[Black "Shankovsky, Andriy"]
[Result "0-1"]
[BlackTitle "FM"]
[WhiteElo "2066"]
[BlackElo "2315"]
[WhiteFideId "24132144"]
[BlackFideId "14121565"]
[EventDate "2018.03.22"]
[EventType "tourn"]

1. d4 Nf6 2. c4 c5 3. d5 b5 4. cxb5 a6 5. bxa6 Bxa6 6. Nc3 d6 7. e4 Bxf1 8. Kxf1
g6 9. g3 Bg7 10. Kg2 Qb6 11. Nf3 O-O 12. Qc2 Na6 13. Bg5 Rfb8 14. Rhb1 h6 15.
Bf4 g5 16. Bc1 Nb4 17. Qe2 Qa6 18. Qxa6 Rxa6 19. Ne1 Ng4 20. a3 Rba8 21. Nb5 Ra5
22. Bd2 Rxb5 23. axb4 Rxa1 24. Rxa1 cxb4 25. Ra8+ Kh7 26. Nd3 b3 27. Rc8 f5 28.
f3 Nf6 29. Nf2 Rc5 30. Rxc5 dxc5 31. Nd3 Nd7 32. Bc1 c4 33. Nb4 fxe4 34. fxe4
Nc5 35. Kf3 c3 36. bxc3 Bxc3 37. Nc6 e6 38. d6 Nd7 39. Nd8 e5 40. h4 gxh4 41.
gxh4 Kg6 42. Ke3 b2 43. Bxb2 Bxb2 44. Kd3 Ba3 45. Nb7 Nc5+ 46. Nxc5 Bxc5 47. d7
Be7 48. Kc4 Bxh4 49. Kd5 Bf6 0-1

[Event "March Lviv Tradition IM"]
[Site "Lviv UKR"]
[Date "2018.03.23"]
[Round "3.2"]
[White "Anwesh, Upadhyaya"]
[Black "Zubova, Mariya"]
[Result "1-0"]
[WhiteTitle "IM"]
[BlackTitle "WFM"]
[WhiteElo "2367"]
[BlackElo "2129"]
[WhiteFideId "5028949"]
[BlackFideId "14118874"]
[EventDate "2018.03.22"]
[EventType "tourn"]

1. d4 Nf6 2. g3 g6 3. Bg2 Bg7 4. c4 d5 5. cxd5 Nxd5 6. Nf3 O-O 7. O-O Na6 8. e4
Nb6 9. Qe2 Bg4 10. Rd1 e5 11. dxe5 Qe7 12. h3 Bxf3 13. Bxf3 Qxe5 14. Nc3 Nc5 15.
Bf4 Qe7 16. Rac1 g5 17. Be3 Nca4 18. Nxa4 Nxa4 19. Qb5 Nxb2 20. Rd7 a6 21. Qf5
Qe5 22. Rcxc7 Qxf5 23. exf5 Rad8 24. Bxg5 Rxd7 25. Rxd7 h6 26. Be7 Rc8 27. Bxb7 1-0

[Event "March Lviv Tradition IM"]
[Site "Lviv UKR"]
[Date "2018.03.23"]
[Round "3.3"]
[White "Bondarets, Vadim"]
[Black "Skliarov, Viktor"]
[Result "0-1"]
[WhiteTitle "IM"]
[BlackTitle "IM"]
[WhiteElo "2257"]
[BlackElo "2353"]
[WhiteFideId "903540"]
[BlackFideId "14106736"]
[EventDate "2018.03.22"]
[EventType "tourn"]

1. c4 e5 2. Nc3 Bb4 3. a3 Bxc3 4. bxc3 Nf6 5. g3 O-O 6. Bg2 Nc6 7. d3 e4 8. dxe4
Re8 9. f3 d6 10. Nh3 Be6 11. O-O Bxc4 12. Nf4 Ne5 13. Nd5 Nxd5 14. exd5 c5 15.
Re1 f5 16. f4 Nd7 17. Qc2 Qf6 18. e4 Qf7 19. Bh3 Bxd5 20. Bxf5 Qxf5 21. exf5
Rxe1+ 22. Kf2 Rh1 23. Qd3 Nf6 24. g4 Re8 25. g5 Rxh2+ 26. Kg3 Ree2 27. Qxe2 Rxe2
28. gxf6 gxf6 29. Rb1 Rg2+ 30. Kh3 Rg1 0-1

[Event "March Lviv Tradition IM"]
[Site "Lviv UKR"]
[Date "2018.03.23"]
[Round "3.4"]
[White "Krzywda, Andrzej"]
[Black "Prydun, Andriy"]
[Result "0-1"]
[WhiteElo "2174"]
[BlackElo "2224"]
[WhiteFideId "1114565"]
[BlackFideId "14145898"]
[EventDate "2018.03.22"]
[EventType "tourn"]

1. e4 e6 2. d4 d5 3. Nc3 Bb4 4. e5 c5 5. a3 Bxc3+ 6. bxc3 Qc7 7. Nf3 Ne7 8. a4
O-O 9. Bd3 f6 10. O-O Nbc6 11. Re1 Bd7 12. Ba3 fxe5 13. dxe5 b6 14. c4 h6 15.
Qe2 Be8 16. Nd2 Ng6 17. Qg4 Ngxe5 18. Qxe6+ Bf7 19. Qf5 Nxd3 20. Qxd3 dxc4 21.
Nxc4 Rad8 22. Qc3 Rd4 23. Ne3 Bh5 24. Bb2 Qf7 25. f3 Qg6 26. Rf1 Rxf3 27. Rxf3
Bxf3 28. Rf1 Be4 29. Qe1 Ne5 30. Kh1 Nc4 31. Bxd4 Nxe3 32. Rf2 Bxg2+ 33. Kg1
Bf3+ 0-1

[Event "March Lviv Tradition IM"]
[Site "Lviv UKR"]
[Date "2018.03.23"]
[Round "3.5"]
[White "Shymanskyi, Oleksandr"]
[Black "Pietruszewski, Marcin"]
[Result "1/2-1/2"]
[WhiteTitle "FM"]
[WhiteElo "2314"]
[BlackElo "2273"]
[WhiteFideId "14168880"]
[BlackFideId "1170295"]
[EventDate "2018.03.22"]
[EventType "tourn"]

1. b3 e5 2. Bb2 Nc6 3. e3 Nf6 4. Bb5 Bd6 5. Ne2 a6 6. Bxc6 dxc6 7. d3 Qe7 8. e4
Bd7 9. Nd2 Nh5 10. O-O O-O-O 11. Nc4 g5 12. d4 f6 13. Nc1 Nf4 14. dxe5 fxe5 15.
Nd3 Ng6 16. Qh5 Rhf8 17. Rae1 Kb8 18. Re3 Nf4 19. Qd1 Ng6 20. Qh5 Be8 21. Rfe1
h6 22. Qd1 Bf7 23. Rh3 Bxc4 24. bxc4 Nh4 25. Qa1 Bc5 26. Re2 Bd4 27. Qc1 Bxb2
28. Qxb2 Rd4 29. Rhe3 c5 30. Re1 g4 31. Rb1 b6 32. a4 a5 33. Qc3 Kc8 34. Rbe1
Qg5 35. Rg3 h5 36. h3 Ng6 37. hxg4 h4 38. Rf3 Re8 39. Rf7 Qxg4 40. Nxc5 Nf4 41.
Rxf4 Qxf4 42. Nd3 Qg5 43. f4 Qg3 44. c5 Rg8 45. Re2 Kb7 46. cxb6 cxb6 47. fxe5
Rb4 48. Qa1 Rxe4 49. Rf2 Rg7 50. Qb1 Ka7 51. Qb3 Qe3 52. Kh2 h3 53. Rf7+ Rxf7
54. Qxf7+ Ka6 55. Qd5 Ka7 56. Qd7+ Kb8 57. Qd8+ Kb7 58. Qd7+ 1/2-1/2

[Event "March Lviv Tradition IM"]
[Site "Lviv UKR"]
[Date "2018.03.24"]
[Round "4.1"]
[White "Shankovsky, Andriy"]
[Black "Pietruszewski, Marcin"]
[Result "1-0"]
[WhiteTitle "FM"]
[WhiteElo "2315"]
[BlackElo "2273"]
[WhiteFideId "14121565"]
[BlackFideId "1170295"]
[EventDate "2018.03.22"]
[EventType "tourn"]

1. e4 c5 2. Nf3 e6 3. c4 d6 4. d4 cxd4 5. Nxd4 a6 6. Nc3 Nf6 7. Be2 Be7 8. O-O
O-O 9. Be3 Qc7 10. Qd2 b6 11. f3 Bb7 12. a4 Re8 13. a5 bxa5 14. Nb3 Nc6 15. Rfc1
Qd8 16. Bf1 Rb8 17. Rd1 Ba8 18. Qc2 Rb4 19. Rd2 Qc7 20. Nb5 Qb8 21. N5d4 Ne5 22.
Nxa5 d5 23. h3 dxc4 24. Nxc4 Rc8 25. b3 Nc6 26. Rxa6 Nxd4 27. Bxd4 Bb7 28. Rb6
Rxb6 29. Bxb6 Ba6 30. Bd4 Qb4 31. Qc3 Qb7 32. Qe3 Nh5 33. Ra2 Bb5 34. Ra7 1-0

[Event "March Lviv Tradition IM"]
[Site "Lviv UKR"]
[Date "2018.03.24"]
[Round "4.2"]
[White "Prydun, Andriy"]
[Black "Shymanskyi, Oleksandr"]
[Result "0-1"]
[BlackTitle "FM"]
[WhiteElo "2224"]
[BlackElo "2314"]
[WhiteFideId "14145898"]
[BlackFideId "14168880"]
[EventDate "2018.03.22"]
[EventType "tourn"]

1. d4 Nf6 2. c4 g6 3. Nc3 Bg7 4. e4 d6 5. Be2 O-O 6. Nf3 Nc6 7. d5 Ne5 8. Nxe5
dxe5 9. O-O e6 10. Bg5 exd5 11. cxd5 h6 12. Bh4 Qd6 13. Rc1 Bd7 14. Qb3 Rfb8 15.
f3 b5 16. Bf2 Bf8 17. Rc2 Ne8 18. Rfc1 Qf6 19. Be3 Bd6 20. Nd1 h5 21. Qd3 Qe7
22. Nf2 a5 23. Qd2 Bb4 24. Qd1 Bd6 25. Nd3 f5 26. Nc5 Bc8 27. exf5 gxf5 28. Qf1
Nf6 29. Bg5 b4 30. Ne6 Bxe6 31. dxe6 Qg7 32. h4 Nh7 33. Be3 Kh8 34. Bc5 Qe7 35.
Bxd6 cxd6 36. Rc7 Qxe6 37. Bc4 d5 38. Bb5 Qb6+ 39. R1c5 Rc8 40. Kh1 Rxc7 41.
Rxd5 Rc5 0-1

[Event "March Lviv Tradition IM"]
[Site "Lviv UKR"]
[Date "2018.03.24"]
[Round "4.3"]
[White "Skliarov, Viktor"]
[Black "Krzywda, Andrzej"]
[Result "1-0"]
[WhiteTitle "IM"]
[WhiteElo "2353"]
[BlackElo "2174"]
[WhiteFideId "14106736"]
[BlackFideId "1114565"]
[EventDate "2018.03.22"]
[EventType "tourn"]

1. e4 c5 2. Nf3 e6 3. d4 cxd4 4. Nxd4 Nf6 5. Nc3 d6 6. Be2 a6 7. O-O Be7 8. f4
O-O 9. Be3 Nc6 10. Qe1 Nxd4 11. Bxd4 b5 12. a3 Bb7 13. Qg3 g6 14. Bf3 a5 15.
Nxb5 Nxe4 16. Qe1 f5 17. Nc3 e5 18. Bxe4 fxe4 19. fxe5 dxe5 20. Be3 Qc7 21. Qe2
Rxf1+ 22. Qxf1 Ba6 23. Nd5 Qd6 24. Nxe7+ Qxe7 25. Qe1 Qc7 26. Rc1 Rf8 27. c4 Qf7
28. Qxa5 Bxc4 29. h3 Qf5 30. Qc5 Be6 31. Qe7 Rf7 32. Qd6 h5 33. a4 g5 34. Qd8+
Kg7 35. a5 g4 36. hxg4 hxg4 37. Qh4 Bc4 38. a6 Bd5 39. b4 Qg6 40. Qg3 Qe6 41. b5
Bc4 42. a7 Bd5 43. b6 Kg6 44. Qh4 Kg7 45. Qg5+ Kh7 46. Rc7 Qe8 47. Qh6+ Kg8 48.
Qg6+ Kh8 49. Rxf7 Bxf7 50. Qf6+ Kg8 51. Bh6 1-0

[Event "March Lviv Tradition IM"]
[Site "Lviv UKR"]
[Date "2018.03.24"]
[Round "4.4"]
[White "Zubova, Mariya"]
[Black "Bondarets, Vadim"]
[Result "0-1"]
[WhiteTitle "WFM"]
[BlackTitle "IM"]
[WhiteElo "2129"]
[BlackElo "2257"]
[WhiteFideId "14118874"]
[BlackFideId "903540"]
[EventDate "2018.03.22"]
[EventType "tourn"]

1. e4 d6 2. d4 Nf6 3. Nc3 c6 4. f4 Qb6 5. Nf3 Bg4 6. Be2 e6 7. h3 Bxf3 8. Bxf3
d5 9. f5 dxe4 10. Nxe4 Nxe4 11. Bxe4 exf5 12. Bf3 Bd6 13. O-O O-O 14. Kh1 Nd7
15. Qd3 g6 16. g4 fxg4 17. hxg4 Qd8 18. g5 Nb6 19. Bd2 Qd7 20. Bg2 Rae8 21. Bh3
Qe7 22. Rae1 Qd8 23. Rd1 Re7 24. c4 Rfe8 25. Bg4 Bc7 26. Bf3 Qd7 27. Rf2 Be5 28.
d5 Qh3+ 29. Kg1 cxd5 30. cxd5 Bd6 31. b4 Nd7 32. Qf1 Qh4 33. a3 Ne5 34. Qg2 Bc7
35. Be3 Nxf3+ 36. Qxf3 Qg3+ 37. Qxg3 Bxg3 38. Bxa7 Bxf2+ 39. Kxf2 Rd7 40. d6 Ra8
41. Bb6 Rxa3 42. Rd4 Ra6 43. Bc7 Rc6 44. Bb8 Rc8 45. Ba7 f6 46. gxf6 Kf7 47. Ke3
Kxf6 48. Bc5 Ke5 49. Rd1 Rc6 50. Bd4+ Kxd6 51. b5 Rc8 0-1

[Event "March Lviv Tradition IM"]
[Site "Lviv UKR"]
[Date "2018.03.24"]
[Round "4.5"]
[White "Lagashin, Pavel"]
[Black "Anwesh, Upadhyaya"]
[Result "0-1"]
[BlackTitle "IM"]
[WhiteElo "2066"]
[BlackElo "2367"]
[WhiteFideId "24132144"]
[BlackFideId "5028949"]
[EventDate "2018.03.22"]
[EventType "tourn"]

1. Nf3 d5 2. d4 Nf6 3. c4 e6 4. Nc3 c6 5. e3 Nbd7 6. Bd3 dxc4 7. Bxc4 b5 8. Bd3
Bd6 9. O-O O-O 10. Qc2 Bb7 11. a3 a5 12. e4 e5 13. dxe5 Nxe5 14. Nxe5 Bxe5 15.
h3 Re8 16. Be3 Bd4 17. Rfe1 h6 18. Rad1 Bxe3 19. Rxe3 Qb8 20. Qe2 Qe5 21. Bc2 b4
22. Na4 Ba6 23. Qe1 c5 24. Nb6 Rad8 25. Ba4 Rxd1 26. Qxd1 Rb8 27. axb4 axb4 28.
Nd7 Nxd7 29. Qxd7 Bc4 30. Qd2 Be6 31. Bc6 Rc8 32. Bd5 Bxd5 33. exd5 Qd6 34. b3
Rd8 35. g3 Kf8 36. Qc2 Qxd5 37. Qh7 f6 38. Kh2 Kf7 39. h4 Rd6 40. Re4 Rd7 41.
Rg4 Kf8 42. Re4 Re7 43. Qh8+ Kf7 44. Rxe7+ Kxe7 45. Qxg7+ Qf7 46. Qxh6 Qxb3 47.
Qh7+ Qf7 48. Qe4+ Kf8 49. Qf5 Qe7 50. h5 Kg7 51. Qg6+ Kh8 52. Qh6+ Kg8 53. Qg6+
Qg7 54. Qf5 Qg5 55. Qe6+ Kg7 56. Qe7+ Kh6 57. Qf8+ Kxh5 58. f4 Qh6 59. Qxc5+
Kg4+ 60. Kg1 Qh3 61. Qxb4 Qxg3+ 62. Kh1 Qf3+ 63. Kg1 Qxf4 64. Qf8 Kf3 65. Qa8+
Qe4 66. Qa2 Qe1+ 67. Kh2 Qf2+ 0-1

[Event "March Lviv Tradition IM"]
[Site "Lviv UKR"]
[Date "2018.03.24"]
[Round "5.1"]
[White "Anwesh, Upadhyaya"]
[Black "Shankovsky, Andriy"]
[Result "1/2-1/2"]
[WhiteTitle "IM"]
[BlackTitle "FM"]
[WhiteElo "2367"]
[BlackElo "2315"]
[WhiteFideId "5028949"]
[BlackFideId "14121565"]
[EventDate "2018.03.22"]
[EventType "tourn"]

1. e4 e5 2. Nf3 Nc6 3. Bc4 Nf6 4. d3 Be7 5. Nc3 d6 6. a4 O-O 7. h3 Be6 8. Bg5
Nd7 9. Bxe7 Qxe7 10. Nd5 Qd8 11. Ne3 Bxc4 12. Nxc4 a5 13. Ne3 Nc5 14. O-O Ne6
15. c3 Ng5 16. Nxg5 Qxg5 17. Qg4 Qxg4 18. hxg4 f6 19. g3 g6 20. Kg2 Kg7 21. f4
h6 22. f5 g5 23. Nd5 Rf7 24. Kf3 Rd7 25. Rfd1 Ne7 26. Nxe7 Rxe7 27. c4 c5 28.
Ra3 Ra6 29. Rb3 Rc7 30. Rb5 b6 31. Ke3 1/2-1/2

[Event "March Lviv Tradition IM"]
[Site "Lviv UKR"]
[Date "2018.03.24"]
[Round "5.2"]
[White "Bondarets, Vadim"]
[Black "Lagashin, Pavel"]
[Result "1/2-1/2"]
[WhiteTitle "IM"]
[WhiteElo "2257"]
[BlackElo "2066"]
[WhiteFideId "903540"]
[BlackFideId "24132144"]
[EventDate "2018.03.22"]
[EventType "tourn"]

1. c4 Nf6 2. Nf3 e6 3. g3 d5 4. cxd5 exd5 5. Bg2 Bd6 6. O-O O-O 7. Nc3 c6 8. d3
Re8 9. Qc2 Bf5 10. Nh4 Bg4 11. h3 Be6 12. e4 Na6 13. Re1 Nb4 14. Qe2 dxe4 15.
dxe4 b5 16. Bg5 Bc4 17. Qf3 Nc2 18. Red1 Nxa1 19. Nf5 Re6 20. e5 Bxe5 21. Rxd8+
Rxd8 22. Ne3 Bxc3 23. bxc3 Bxa2 24. Ng4 Re1+ 25. Kh2 Nxg4+ 26. Qxg4 Be6 27. Qb4
Rc8 28. Qd6 h6 29. Be3 a5 30. Bxc6 b4 31. cxb4 axb4 32. Bb7 b3 33. Bxc8 b2 34.
Bxe6 b1=Q 35. Qd8+ Kh7 36. Bxf7 Rh1+ 37. Kg2 Rg1+ 38. Kh2 Rh1+ 39. Kg2 Qf1+ 40.
Kf3 Qd1+ 41. Qxd1 Rxd1 42. h4 Nc2 1/2-1/2